[Event "68th ch-RUS HL w 2018"]
[Site "Yaroslavl RUS"]
[Date "2018.06.30"]
[Round "5.16"]
[White "Bocharova, Ulyana"]
[Black "Goltseva, Ekaterina"]
[Result "0-1"]
[BlackTitle "WFM"]
[WhiteElo "1874"]
[BlackElo "2260"]
[WhiteFideId "24174513"]
[BlackFideId "24173770"]
[EventDate "2018.06.26"]

1. c4 c5 2. Nc3 Nf6 3. g3 d5 4. cxd5 Nxd5 5. Bg2 Nc7 6. Nf3 Nc6 7. d3 e5 8. O-O
Be7 9. b3 O-O 10. Bb2 Be6 11. Rc1 f6 12. Qd2 Qd7 13. Rfd1 Rad8 14. Ne4 b6 15.
Nc3 Nd4 16. Ne1 Bh3 17. e3 Bxg2 18. Kxg2 Nc6 19. Nf3 f5 20. Ne2 Bf6 21. d4 e4
22. Ne1 cxd4 23. Nxd4 Nxd4 24. Bxd4 Bxd4 25. exd4 Nd5 26. f3 f4 27. gxf4 exf3+
28. Kh1 Rxf4 29. Qf2 Re8 30. Rd2 Nf6 31. Qg3 Qf5 0-1

[Event "68th ch-RUS HL w 2018"]
[Site "Yaroslavl RUS"]
[Date "2018.06.30"]
[Round "5.17"]
[White "Diakonova, Ekaterina"]
[Black "Baraeva, Marina"]
[Result "1-0"]
[BlackTitle "WIM"]
[WhiteElo "2212"]
[BlackElo "2210"]
[WhiteFideId "24172936"]
[BlackFideId "24142573"]
[EventDate "2018.06.26"]

1. e4 d5 2. exd5 Qxd5 3. Nc3 Qd6 4. d4 Nf6 5. Nf3 c6 6. Ne5 Nbd7 7. f4 Nb6 8. g4
Nbd5 9. Bg2 g6 10. Na4 Nxg4 11. Nxg4 Bxg4 12. Qxg4 Qb4+ 13. c3 Qxa4 14. O-O Bg7
15. f5 O-O 16. Bg5 f6 17. b3 Qa5 18. Bd2 gxf5 19. Rxf5 e6 20. Rh5 f5 21. Qe2
Rae8 22. Kh1 Qc7 23. Rf1 Nf6 24. Rg5 Kh8 25. Bf4 Qf7 26. Be5 h6 27. Rg3 Rg8 28.
Bf3 Ref8 29. Rfg1 Kh7 30. Bh5 Qd7 31. Bg6+ Kh8 32. Rh3 Qd5+ 33. Rg2 Ng4 34. c4
Qa5 35. Rxg4 Bxe5 36. Rxh6+ Kg7 37. Rh7+ Kf6 38. b4 fxg4 39. Bd3 Bxd4 40. bxa5
e5 41. Qd2 Ke6 42. Qb4 Rf7 43. Bf5+ Kf6 44. Qd6+ Kxf5 45. Rxf7+ Ke4 46. Qh6 Rd8
47. Qg6+ Ke3 48. Qg5+ 1-0

[Event "68th ch-RUS HL w 2018"]
[Site "Yaroslavl RUS"]
[Date "2018.06.30"]
[Round "5.18"]
[White "Garifullina, Leya"]
[Black "Bulatova, Kamaliya"]
[Result "1/2-1/2"]
[WhiteTitle "WCM"]
[BlackTitle "WFM"]
[WhiteElo "2131"]
[BlackElo "2051"]
[WhiteFideId "34127035"]
[BlackFideId "34111546"]
[EventDate "2018.06.26"]

1. e4 e6 2. d4 d5 3. e5 c5 4. c3 Qb6 5. Nf3 Nc6 6. a3 Nh6 7. b4 cxd4 8. cxd4 Nf5
9. Bb2 Bd7 10. Be2 Be7 11. h4 f6 12. Qd2 Nh6 13. exf6 Bxf6 14. Ne5 O-O-O 15.
Nxc6 Bxc6 16. g4 Be7 17. Qe3 Kb8 18. Qe5+ Bd6 19. Qxg7 Bf4 20. Qe7 Rhg8 21. Qc5
Qxc5 22. bxc5 Nxg4 23. Rg1 Nh2 24. Rxg8 Rxg8 25. Bd3 e5 26. dxe5 Nf3+ 27. Ke2 d4
28. a4 Nxe5 29. Nd2 Bxd2 30. Kxd2 Nf3+ 31. Kc2 Rg2 32. Bxh7 Rxf2+ 33. Kc1 Rh2
34. Ra3 Rxh4 35. Bg6 Rg4 36. Bc2 Ne5 37. Bd1 Rh4 38. Rg3 a6 39. Ba1 Nd7 40. Rd3
Nxc5 41. Rxd4 Rxd4 42. Bxd4 Nxa4 43. Bxa4 Bxa4 44. Bb6 Kc8 45. Kb2 Kd7 46. Ka3
Kc6 47. Bf2 Kb5 48. Be3 Bd1 49. Bd2 Kc4 50. Ba5 Bh5 51. Be1 Be8 52. Ba5 Kc5 53.
Bd2 Kb5 54. Be1 a5 55. Bd2 Ka6 56. Be1 b6 57. Bf2 1/2-1/2

[Event "68th ch-RUS HL w 2018"]
[Site "Yaroslavl RUS"]
[Date "2018.06.30"]
[Round "5.19"]
[White "Dimitrova, Aleksandra"]
[Black "Legenko, Ksenia"]
[Result "0-1"]
[WhiteTitle "WIM"]
[BlackTitle "WFM"]
[WhiteElo "2220"]
[BlackElo "2079"]
[WhiteFideId "24173371"]
[BlackFideId "4192265"]
[EventDate "2018.06.26"]

1. e4 c6 2. d4 d5 3. e5 Bf5 4. h4 h5 5. Bd3 Bxd3 6. Qxd3 e6 7. Bg5 Be7 8. Nf3
Nh6 9. Nc3 Nf5 10. Ne2 c5 11. dxc5 Qa5+ 12. c3 Qxc5 13. O-O Nc6 14. Ned4 Bxg5
15. Nxf5 Bf4 16. Nd6+ Kf8 17. Qe2 Nxe5 18. Nxb7 Qc7 19. Nxe5 Bxe5 20. Nc5 Bf6
21. Nd3 Bxh4 22. Rac1 Bf6 23. b3 h4 24. c4 h3 25. g3 Rd8 26. c5 e5 27. Rfd1 Rh6
28. Kh2 Bg5 29. Rc2 Re6 30. Nb4 d4 31. Qh5 Bh6 32. Rc4 a5 33. Nd3 e4 34. Ne1 Rf6
35. Qe2 d3 36. Qxe4 Rxf2+ 37. Kxh3 Qd7+ 38. Qg4 Qc6 39. Qe4 Qd7+ 40. Qg4 f5 41.
Qg6 Qd5 0-1

[Event "68th ch-RUS HL w 2018"]
[Site "Yaroslavl RUS"]
[Date "2018.06.30"]
[Round "5.20"]
[White "Ustich, Ekaterina"]
[Black "Shafigullina, Zarina"]
[Result "1/2-1/2"]
[BlackTitle "WFM"]
[WhiteElo "2028"]
[BlackElo "2191"]
[WhiteFideId "24179221"]
[BlackFideId "24174220"]
[EventDate "2018.06.26"]

1. e4 c5 2. Nf3 Nc6 3. d4 cxd4 4. Nxd4 Nf6 5. Nc3 e5 6. Ndb5 d6 7. Bg5 a6 8. Na3
b5 9. Nd5 Be7 10. Bxf6 Bxf6 11. c4 b4 12. Nc2 a5 13. g3 O-O 14. Bg2 Rb8 15. b3
Bg5 16. h4 Bh6 17. O-O g6 18. Qd3 Kh8 19. Nde3 Qe7 20. Rad1 Rd8 21. Kh2 Be6 22.
Qe2 Rf8 23. Nd5 Qa7 24. Rd3 Nd8 25. g4 Bxd5 26. Rxd5 Ne6 27. Qf3 Rbd8 28. g5 Bg7
29. Qe3 Qc7 30. Rfd1 f6 31. Ne1 fxg5 32. hxg5 Rf4 33. Nf3 Bf8 34. Bh3 Qe7 35.
Rxa5 Nc5 36. Rxc5 dxc5 37. Rxd8 Rxf3 38. Qxf3 Qxd8 39. Qf6+ Qxf6 40. gxf6 Bh6
41. Kg3 Bg5 42. f7 Kg7 43. Be6 h5 44. f3 Bh6 45. Kh3 Kf6 46. Bd5 Bf8 47. Kh4 Be7
48. Kh3 Kg5 49. Kg3 Bd6 50. Be6 Be7 51. Bd5 Kf6 52. Kh3 Kg7 53. Be6 g5 54. Bd5
Kg6 55. Be6 g4+ 56. fxg4 h4 57. Bd5 Kg5 58. Be6 Kf4 59. Bd5 Kg5 1/2-1/2

[Event "68th ch-RUS HL w 2018"]
[Site "Yaroslavl RUS"]
[Date "2018.06.30"]
[Round "5.21"]
[White "Lingur, Zalina"]
[Black "Yakushina, Ekaterina"]
[Result "1/2-1/2"]
[WhiteTitle "WFM"]
[WhiteElo "2101"]
[BlackElo "1886"]
[WhiteFideId "34165670"]
[BlackFideId "34166014"]
[EventDate "2018.06.26"]

1. e4 e6 2. Qe2 c5 3. g3 Nc6 4. Nf3 g6 5. Bg2 Bg7 6. c3 Nge7 7. d3 d6 8. Nbd2
O-O 9. O-O e5 10. Rd1 f5 11. Nb3 h6 12. d4 cxd4 13. cxd4 fxe4 14. Nfd2 d5 15.
dxe5 Qb6 16. Nf1 Nxe5 17. Be3 Qf6 18. Qb5 a6 19. Qb6 Bg4 20. Qxf6 Bxf6 21. Rdc1
Rfc8 22. Bd4 N7c6 23. Bc3 Bg7 24. Ne3 Be6 25. Rd1 Nd3 26. Bxg7 Kxg7 27. Rd2 Rd8
28. Rad1 Rac8 29. f3 exf3 30. Rxd3 fxg2 31. Nc5 Bf7 32. Nxb7 Rd7 33. Nc5 Rd6 34.
Nb7 Rd7 35. Nc5 Rd6 36. Nxa6 Ne5 37. Ra3 Ra8 38. Nc5 Rxa3 39. bxa3 d4 40. Nxg2
Bxa2 41. Nf4 Rc6 42. Ncd3 Nxd3 43. Rxd3 Ra6 44. Kf2 Bb1 45. Rb3 1/2-1/2

[Event "68th ch-RUS HL w 2018"]
[Site "Yaroslavl RUS"]
[Date "2018.06.30"]
[Round "5.22"]
[White "Kochukova, Anna"]
[Black "Mokshanova, Elizaveta"]
[Result "1-0"]
[WhiteTitle "WFM"]
[BlackTitle "WFM"]
[WhiteElo "2170"]
[BlackElo "2046"]
[WhiteFideId "24173932"]
[BlackFideId "24160679"]
[EventDate "2018.06.26"]

1. e4 c5 2. Nf3 e6 3. d4 cxd4 4. Nxd4 Nc6 5. Nc3 Qc7 6. Be3 a6 7. a3 Nf6 8. f4
d6 9. Qf3 Bd7 10. Be2 Rc8 11. Qg3 Be7 12. O-O O-O 13. Rad1 Kh8 14. Nf3 h6 15. e5
Nh7 16. Bd3 Rg8 17. exd6 Bxd6 18. Bxh7 Kxh7 19. Rxd6 Qxd6 20. Ng5+ hxg5 21. Ne4
Qd5 22. Nxg5+ Kg6 23. Ne4+ Kh7 24. Qh4+ Kg6 25. f5+ Qxf5 26. Rxf5 Kxf5 27. Qf4+ 1-0

[Event "68th ch-RUS HL w 2018"]
[Site "Yaroslavl RUS"]
[Date "2018.06.30"]
[Round "5.23"]
[White "Sukhareva, Evgeniya"]
[Black "Alekseeva, Irina"]
[Result "0-1"]
[WhiteElo "2234"]
[BlackElo "2065"]
[WhiteFideId "4167155"]
[BlackFideId "24178683"]
[EventDate "2018.06.26"]

1. d4 Nf6 2. c4 g6 3. Nc3 Bg7 4. e4 d6 5. h3 O-O 6. Nf3 e5 7. d5 a5 8. Be2 Na6
9. Be3 Nd7 10. g4 Ndc5 11. Rg1 c6 12. h4 Bd7 13. a4 Qb6 14. Qb1 cxd5 15. Nxd5
Qd8 16. b3 Bc6 17. Nc3 Ne6 18. Ra2 Nd4 19. h5 Nc5 20. Rb2 Ra6 21. Nd2 Rb6 22.
Bd3 Nce6 23. Qd1 Nf4 24. Bb1 Qh4 25. Nf3 Ng2+ 26. Kf1 Qh3 27. Rxg2 Nxf3 28. Bxb6
Qh1+ 29. Ke2 Qxg2 30. Qd3 Ng1+ 31. Ke1 Qxg4 32. Qg3 Nf3+ 33. Kf1 Qxh5 34. Kg2
Nh4+ 35. Kf1 f5 36. Bc2 fxe4 37. Be3 Nf5 38. Qg5 Qf3 39. Kg1 Bh6 40. Qg2 Nxe3 0-1

[Event "68th ch-RUS HL w 2018"]
[Site "Yaroslavl RUS"]
[Date "2018.07.02"]
[Round "6.1"]
[White "Tomilova, Elena"]
[Black "Vasilevich, Tatjana"]
[Result "1/2-1/2"]
[WhiteTitle "WIM"]
[BlackTitle "IM"]
[WhiteElo "2334"]
[BlackElo "2360"]
[WhiteFideId "4162340"]
[BlackFideId "14101610"]
[EventDate "2018.06.26"]

1. e4 g6 2. d4 Bg7 3. Nf3 c6 4. c3 d6 5. Bd3 e5 6. h3 Ne7 7. O-O O-O 8. dxe5
dxe5 9. Qe2 Qc7 10. a4 Nd7 11. Na3 h6 12. Bc2 Nc5 13. Nc4 Ne6 14. Rd1 b6 15. b4
Ba6 16. Bb3 Rad8 17. Be3 Nf4 18. Qc2 g5 19. Rxd8 Rxd8 20. Rd1 Neg6 21. Rd2 Bc8
22. a5 b5 23. Rxd8+ Qxd8 24. Qd2 Qxd2 25. Ncxd2 a6 26. Kf1 Be6 27. Bxe6 Nxe6 28.
Nb3 Ngf8 29. Ne1 Nd7 30. Nd3 Bf8 31. g3 Bd6 32. Ke2 Kg7 33. Ndc5 Ndxc5 34. Nxc5
Bxc5 35. Bxc5 Nxc5 36. bxc5 Kg6 37. g4 Kf6 38. Ke3 Ke6 39. Kd3 Kf6 40. Ke3 Ke6
41. Kd3 1/2-1/2

[Event "68th ch-RUS HL w 2018"]
[Site "Yaroslavl RUS"]
[Date "2018.07.02"]
[Round "6.2"]
[White "Gritsayeva, Oksana"]
[Black "Ovod, Evgenija"]
[Result "1-0"]
[WhiteTitle "WFM"]
[BlackTitle "IM"]
[WhiteElo "2355"]
[BlackElo "2360"]
[WhiteFideId "14104652"]
[BlackFideId "4131827"]
[EventDate "2018.06.26"]

1. e4 c5 2. Nf3 e6 3. b3 b6 4. Bb2 Bb7 5. Nc3 Nc6 6. d4 cxd4 7. Nxd4 Nf6 8. Nxc6
Bxc6 9. Bd3 Qb8 10. Qe2 Bd6 11. O-O-O Be5 12. g3 g5 13. Kb1 Rg8 14. f4 gxf4 15.
gxf4 Bxf4 16. Nd5 Nxd5 17. exd5 Bxd5 18. Be4 Bxe4 19. Qxe4 Rg6 20. Rhf1 Bxh2 21.
Qf3 f5 22. Rh1 d5 23. Qe2 Rh6 24. Qg2 Qd6 25. Qg7 Qf8 26. Qb7 Rb8 27. Qc6+ Kd8
28. Rxh2 Rc8 29. Rxd5+ exd5 30. Qxh6 Qc5 31. Qg5+ Kc7 32. Rxh7+ Kb8 33. Be5+ Ka8
34. Qxf5 a5 35. Qd3 b5 36. Bd4 Qc6 37. Ra7+ Kb8 38. Rxa5 1-0

[Event "68th ch-RUS HL w 2018"]
[Site "Yaroslavl RUS"]
[Date "2018.07.02"]
[Round "6.3"]
[White "Kovanova, Baira"]
[Black "Galliamova, Alisa"]
[Result "1/2-1/2"]
[WhiteTitle "WGM"]
[BlackTitle "IM"]
[WhiteElo "2369"]
[BlackElo "2422"]
[WhiteFideId "4164083"]
[BlackFideId "4129725"]
[EventDate "2018.06.26"]

1. d4 d5 2. c4 e6 3. Nf3 Nf6 4. e3 Be7 5. Nc3 O-O 6. Bd3 b6 7. cxd5 exd5 8. Ne5
c5 9. O-O Bb7 10. Qf3 Nc6 11. Rd1 Qd6 12. Qg3 g6 13. Be2 a6 14. Bf3 Rfd8 15. b3
Ne4 16. Nxe4 dxe4 17. Bxe4 Nxd4 18. exd4 Bxe4 19. Bf4 Qd5 20. Ng4 h5 21. Ne3 Qb7
22. d5 Bxd5 23. Bc7 Rd7 24. Bxb6 Be6 25. Rxd7 Qxd7 26. Rd1 Qc6 27. Ba5 Bf6 28.
Qf4 Bg7 29. h3 Qb5 30. Bc7 Qe2 31. Qa4 Bh6 32. Qe4 Rc8 33. Bf4 Bxf4 34. Qxf4
Qxa2 35. g4 hxg4 36. hxg4 Qxb3 37. Qf6 Qb4 38. Kg2 Bxg4 39. Rh1 Qe4+ 40. Kg1 Bh5
41. Rxh5 gxh5 42. Nf5 Qg4+ 43. Kh2 Qf4+ 44. Kg1 Qg4+ 1/2-1/2

[Event "68th ch-RUS HL w 2018"]
[Site "Yaroslavl RUS"]
[Date "2018.07.02"]
[Round "6.4"]
[White "Shuvalova, Polina"]
[Black "Nechaeva, Marina"]
[Result "1/2-1/2"]
[WhiteTitle "WIM"]
[BlackTitle "IM"]
[WhiteElo "2418"]
[BlackElo "2410"]
[WhiteFideId "24171760"]
[BlackFideId "4149351"]
[EventDate "2018.06.26"]

1. d4 d5 2. c4 c6 3. cxd5 cxd5 4. Bg5 h6 5. Bh4 Qb6 6. Nc3 e5 7. Nf3 e4 8. Nd2
Be6 9. e3 Nc6 10. a3 Be7 11. Bxe7 Ngxe7 12. Be2 O-O 13. O-O Qd8 14. Rc1 Rc8 15.
b4 Nb8 16. Qa4 Qb6 17. Rc2 Rc7 18. Rfc1 Rfc8 19. Qb3 Nd7 20. Qb1 Nf6 21. Nb3 Bd7
22. Nc5 Qd6 23. a4 g6 24. a5 Kg7 25. h3 b6 26. Nxd7 Qxd7 27. Ba6 Rb8 28. axb6
axb6 29. b5 Ne8 30. Na2 Rxc2 31. Qxc2 Ra8 32. Qb3 Ra7 33. Nb4 Rc7 34. Rxc7 Nxc7
35. Qa4 Ne8 36. Qb3 Nc7 37. Qa4 Ne6 38. Nc6 Nxc6 39. bxc6 Qa7 40. Qa3 Qa8 41.
Qd6 Qxa6 42. Qxd5 Qc8 43. Qe5+ f6 44. Qxe4 Kf7 45. d5 Nc5 46. Qf4 g5 47. Qd6 Ne4
48. Qb4 Qf5 49. c7 Qxf2+ 50. Kh2 Qg3+ 51. Kh1 Nf2+ 52. Kg1 Nxh3+ 53. Kh1 Nf2+
54. Kg1 Ng4 55. Qf8+ Kxf8 56. c8=Q+ Ke7 57. Qb7+ Kd8 58. Qa8+ Kd7 59. Qc6+ Ke7
60. Qb7+ Ke8 61. Qc8+ Ke7 62. Qb7+ Kf8 63. Qc8+ Kg7 64. Qd7+ Kg6 65. Qe8+ Kg7
66. Qe7+ Kg6 67. Qe8+ Kg7 68. Qe7+ Kg6 69. Qe8+ Kg7 1/2-1/2

[Event "68th ch-RUS HL w 2018"]
[Site "Yaroslavl RUS"]
[Date "2018.07.02"]
[Round "6.5"]
[White "Dordzhieva, Dinara"]
[Black "Protopopova, Anastasiya"]
[Result "0-1"]
[WhiteTitle "WIM"]
[BlackTitle "WFM"]
[WhiteElo "2274"]
[BlackElo "2262"]
[WhiteFideId "24157570"]
[BlackFideId "24172073"]
[EventDate "2018.06.26"]

1. d4 d5 2. Nf3 Nf6 3. Bf4 c5 4. e3 Nc6 5. Nbd2 Qb6 6. dxc5 Qxb2 7. Rb1 Qc3 8.
Bb5 g6 9. Ne5 Bd7 10. Nxd7 Nxd7 11. O-O Bg7 12. Nb3 a6 13. Be2 e6 14. Bd6 Bf8
15. Bxf8 Kxf8 16. Qd3 Qf6 17. Qd2 Rd8 18. Na5 Nxc5 19. Nxb7 Ne4 20. Qd3 Ra8 21.
Rb6 Ne5 22. Qa3+ Kg7 23. Rxa6 Rac8 24. Bd3 Rc3 25. Qb4 Nxd3 26. cxd3 Rxd3 27.
Ra7 Rc8 28. f3 Rc2 29. fxe4 Rd1 30. Qb5 Qf2+ 0-1

[Event "68th ch-RUS HL w 2018"]
[Site "Yaroslavl RUS"]
[Date "2018.07.02"]
[Round "6.6"]
[White "Kovalevskaya, Ekaterina"]
[Black "Savina, Anastasia"]
[Result "1-0"]
[WhiteTitle "IM"]
[BlackTitle "IM"]
[WhiteElo "2402"]
[BlackElo "2343"]
[WhiteFideId "4116704"]
[BlackFideId "4196872"]
[EventDate "2018.06.26"]

1. e4 e5 2. Nf3 Nc6 3. Bc4 Bc5 4. c3 Nf6 5. d3 O-O 6. O-O d5 7. exd5 Nxd5 8. Re1
Bg4 9. h3 Bh5 10. Nbd2 Nb6 11. b4 Be7 12. Qe2 Nxc4 13. Nxc4 Bf6 14. b5 Nb4 15.
Ba3 Nxd3 16. Rad1 Nxe1 17. Rxd8 Nxf3+ 18. gxf3 Rfxd8 19. Qe4 b6 20. Ne3 a6 21.
Nd5 axb5 22. Nxf6+ gxf6 23. Be7 Bg6 24. Qh4 Rd1+ 25. Kg2 Rd6 26. Bxd6 cxd6 27.
Qxf6 Rxa2 28. Qxd6 Re2 29. Qxb6 e4 30. Qxb5 exf3+ 31. Kxf3 Rc2 32. Qe8+ Kg7 33.
Qe5+ Kh6 34. h4 Bh5+ 35. Kg3 Bg6 36. Qf6 1-0

[Event "68th ch-RUS HL w 2018"]
[Site "Yaroslavl RUS"]
[Date "2018.07.02"]
[Round "6.7"]
[White "Schepetkova, Margarita"]
[Black "Voit, Daria"]
[Result "1-0"]
[WhiteTitle "WIM"]
[BlackTitle "FM"]
[WhiteElo "2244"]
[BlackElo "2380"]
[WhiteFideId "4189949"]
[BlackFideId "4182146"]
[EventDate "2018.06.26"]

1. d4 Nf6 2. c4 b6 3. Qc2 Bb7 4. Nc3 d5 5. cxd5 Nxd5 6. Bd2 e6 7. Nxd5 Qxd5 8.
e3 c5 9. dxc5 Bxc5 10. Nf3 O-O 11. Bd3 h6 12. O-O Rc8 13. Bc3 Bb4 14. Bh7+ Kh8
15. Rfd1 Qa5 16. Ne5 f5 17. Bxf5 exf5 18. Qxf5 Bxc3 19. bxc3 Nc6 20. Nf7+ Kg8
21. Nxh6+ Kh8 22. Qh3 Rc7 23. Ng4+ Kg8 24. Qg3 Re7 25. Rd5 Qxc3 26. Rad1 Re6 27.
R5d3 Qb2 28. Rd7 Ba6 29. f4 Be2 30. Ne5 Ne7 31. Qf2 Qb5 32. a4 Qa6 33. Re1 Bh5
34. Qh4 Qa5 35. Rf1 Be2 36. Rxe7 Rxe7 37. Qxe7 Bxf1 38. Qe6+ Kh8 39. Nf7+ Kh7
40. Ng5+ Kh8 41. Qh3+ Kg8 42. Qh7+ Kf8 43. Qh8+ Ke7 44. Qxa8 Bd3 45. Qb7+ Kd6
46. Qb8+ Kd7 47. Nf3 Qxa4 48. Ne5+ Ke7 49. Qc7+ Ke6 50. h3 Be4 51. Qxg7 Kd5 52.
Kh2 Qc2 53. Nd7 Kc4 54. Nf6 Bc6 55. h4 a5 56. h5 a4 57. h6 a3 58. h7 a2 59. h8=Q
a1=Q 60. Qhg8+ Kb5 61. Qg5+ Ka4 62. Nd5 b5 63. Qf7 Qh8+ 64. Kg3 Qh1 65. Nb6+ Ka3
66. Qa7+ Kb3 67. Qg8+ Kc3 68. Qa5+ Kd3 69. Qg6+ Be4 70. Qxb5+ Kd2 71. Qb4+ Kxe3
72. Nd5+ 1-0

[Event "68th ch-RUS HL w 2018"]
[Site "Yaroslavl RUS"]
[Date "2018.07.02"]
[Round "6.8"]
[White "Khokhlova, Daria"]
[Black "Charochkina, Daria"]
[Result "0-1"]
[BlackTitle "IM"]
[WhiteElo "2198"]
[BlackElo "2343"]
[WhiteFideId "24182729"]
[BlackFideId "4180917"]
[EventDate "2018.06.26"]

1. d4 e6 2. c4 b6 3. e4 Bb7 4. Bd3 Bb4+ 5. Bd2 Bxd2+ 6. Nxd2 Ne7 7. Ne2 O-O 8.
O-O f5 9. f3 Nbc6 10. a3 a5 11. b3 Qe8 12. Qc2 Qh5 13. Qc3 fxe4 14. fxe4 Ng6 15.
Nf3 Qh6 16. Bc2 e5 17. d5 Nce7 18. Kh1 d6 19. Rad1 Nf4 20. Nxf4 Rxf4 21. Qe3 Qh5
22. g3 Rf6 23. Nd2 Raf8 24. Rxf6 gxf6 25. Rf1 Bc8 26. b4 Bh3 27. Rg1 f5 28. Bd1
Qg6 29. Nf3 fxe4 30. Nh4 Qf6 31. Qxe4 Qf2 32. Bf3 Ng6 33. Bg2 Nxh4 34. gxh4 Bf5
35. Qe1 Qxe1 36. Rxe1 axb4 37. axb4 Bd3 38. c5 Rf4 39. cxd6 cxd6 40. Re3 Rxb4
41. Rxd3 Rb1+ 42. Bf1 Rxf1+ 43. Kg2 Rb1 44. h5 Kg7 45. Rg3+ Kh6 46. Rf3 Kg5 47.
Rf7 Rd1 48. Rxh7 Rxd5 49. h6 Kg6 50. Rb7 Kxh6 51. Rxb6 Rd2+ 52. Kg3 Kg5 53. Rb8
Rd3+ 54. Kg2 d5 55. Rg8+ Kh6 56. Re8 e4 57. Re5 Kg6 58. h4 Kf6 59. Re8 Kf5 60.
h5 Kg5 61. Re5+ Kf4 62. h6 Rg3+ 63. Kh2 Rg8 64. Rxd5 e3 65. h7 Rh8 66. Rd4+ Kf3
67. Rd7 e2 68. Rf7+ Kg4 69. Rg7+ Kf5 70. Re7 Rxh7+ 71. Rxh7 e1=Q 72. Rf7+ Kg6
73. Rf3 Kg5 74. Kh3 Qh1+ 75. Kg3 Qg1+ 0-1

[Event "68th ch-RUS HL w 2018"]
[Site "Yaroslavl RUS"]
[Date "2018.07.02"]
[Round "6.9"]
[White "Potapova, Margarita"]
[Black "Yakimenko, Viktoria"]
[Result "0-1"]
[WhiteTitle "WFM"]
[BlackTitle "WFM"]
[WhiteElo "2302"]
[BlackElo "2078"]
[WhiteFideId "14126869"]
[BlackFideId "24174998"]
[EventDate "2018.06.26"]

1. e4 c5 2. Nf3 g6 3. c4 Nc6 4. d4 cxd4 5. Nxd4 Bg7 6. Be3 Nf6 7. Nc3 O-O 8. Be2
d6 9. O-O Bd7 10. Qd2 Nxd4 11. Bxd4 Bc6 12. f3 Nd7 13. Be3 a5 14. Rfd1 Nc5 15.
Rac1 Be5 16. Qc2 b6 17. Bf1 e6 18. Ne2 Qh4 19. g3 Qf6 20. Nd4 Bxd4 21. Bxd4 Qxf3
22. Bg2 Qg4 23. e5 Bxg2 24. Qxg2 Rad8 25. h3 Qh5 26. g4 Qg5 27. Qg3 d5 28. Be3
Qe7 29. cxd5 exd5 30. Qf3 Qxe5 31. Bd4 Qd6 32. Rf1 Rd7 33. Qe3 Re7 34. Qf3 Ne4
35. Qd3 Rfe8 36. Kg2 Nc5 37. Qf3 Re2+ 38. Rf2 Rxf2+ 39. Bxf2 d4 40. Rd1 Ne6 41.
Kg1 Ng5 42. Qd3 Qd5 43. b3 Nf3+ 44. Kf1 Ne5 45. Qg3 d3 46. Qg2 Nf3 47. Qg3 Qe4
48. Kg2 Nd2+ 49. Kg1 Qe2 50. Re1 Nf3+ 51. Qxf3 Qxf3 52. Rxe8+ Kg7 53. Bd4+ f6
54. Re3 d2 55. Rxf3 d1=Q+ 56. Rf1 Qxd4+ 57. Kg2 a4 58. bxa4 Qd5+ 0-1

[Event "68th ch-RUS HL w 2018"]
[Site "Yaroslavl RUS"]
[Date "2018.07.02"]
[Round "6.10"]
[White "Bodnaruk, Anastasia"]
[Black "Vinokur, Yuliya"]
[Result "1-0"]
[WhiteTitle "IM"]
[BlackTitle "WFM"]
[WhiteElo "2451"]
[BlackElo "2131"]
[WhiteFideId "4181751"]
[BlackFideId "34127515"]
[EventDate "2018.06.26"]

1. e4 Nf6 2. e5 Nd5 3. d4 d6 4. Nf3 Bg4 5. Be2 e6 6. O-O Be7 7. c4 Nb6 8. Nc3
O-O 9. Be3 d5 10. c5 Bxf3 11. gxf3 Nc8 12. f4 Nc6 13. b4 a6 14. Rb1 Bh4 15. Bd3
f5 16. Kh1 N8e7 17. Rg1 Ng6 18. b5 axb5 19. Bxb5 Ra3 20. Bxc6 bxc6 21. Qc2 Qa8
22. Rb4 Rb8 23. Rxb8+ Qxb8 24. Rb1 Qa7 25. Bc1 Ra5 26. Qe2 Qa8 27. a4 Ra7 28.
Bd2 Kf7 29. Kg2 Kg8 30. Ra1 Qb8 31. Rb1 Qa8 32. h3 Be7 33. Kh2 Nh4 34. Ra1 Ra5
35. Ra3 Ra7 36. Qd1 Qb8 37. a5 Qb4 38. Ra4 Qb2 39. Ra2 Qb4 40. Ra4 Qb2 41. Kh1
Qb8 42. Ra1 Qe8 43. Qe2 h6 44. Na2 Qg6 45. Rg1 Qe8 46. a6 Kh7 47. Nb4 Ra8 48.
Rg3 Rb8 49. a7 Ra8 50. Qa6 Qh5 51. f3 Nxf3 52. Qe2 Rxa7 53. Qxf3 Ra1+ 54. Kh2
Qe8 55. Rg1 Qa8 56. Rxa1 Qxa1 57. Nxc6 Bh4 58. Qe2 Qb2 59. Kg2 Kh8 60. Nb4 Qxd4
61. Qe3 Qb2 62. Qc3 Qb1 63. Qc2 Qa1 64. Bc3 Qa8 65. c6 Qe8 66. Kh2 Be7 67. Be1
Qh5 68. Qd3 Bc5 69. Nc2 Qe8 70. Qc3 Bb6 71. Kg2 Qh5 72. Nd4 Qg6+ 73. Bg3 Qe8 74.
Bf2 Qg6+ 75. Qg3 Qe8 76. Qc3 Qg6+ 77. Kf1 Qe8 78. Nb3 Qb8 79. Qb4 d4 80. Bxd4
Qd8 81. Bxb6 Qd1+ 82. Kf2 Qc2+ 83. Nd2 cxb6 84. Qd6 Kh7 85. c7 b5 86. Qd8 Qc5+
87. Ke2 1-0

[Event "68th ch-RUS HL w 2018"]
[Site "Yaroslavl RUS"]
[Date "2018.07.02"]
[Round "6.11"]
[White "Paramzina, Anastasya"]
[Black "Belenkaya, Dina"]
[Result "1/2-1/2"]
[WhiteTitle "WGM"]
[BlackTitle "WGM"]
[WhiteElo "2255"]
[BlackElo "2308"]
[WhiteFideId "4165012"]
[BlackFideId "24142654"]
[EventDate "2018.06.26"]

1. e4 c6 2. d4 d5 3. exd5 cxd5 4. Bd3 Nc6 5. c3 Qc7 6. h3 Nf6 7. Nf3 g6 8. Qc2
Bg7 9. O-O O-O 10. Be3 Nh5 11. Qd2 Bf5 12. Bxf5 gxf5 13. Bh6 f4 14. Bxg7 Nxg7
15. Re1 Rad8 16. Na3 a6 17. Rac1 b5 18. Nc2 Qd6 19. Ne5 Nxe5 20. dxe5 Qh6 21.
Nb4 Kh8 22. Rcd1 Rg8 23. Kh2 Ne6 24. Qd3 Ng5 25. Qf5 Qh4 26. Nd3 Ne6 27. Rg1 Qh6
28. Nb4 Nc5 29. Nxd5 Rg5 30. Nxe7 Re8 31. Qf6+ Qxf6 32. exf6 Ne4 33. Rge1 Nxf6
34. Rd6 Ng8 35. Rd7 Rg7 36. Re4 f6 37. Nf5 Rxe4 38. Nxg7 Re5 39. h4 h5 40. Kh3
Nh6 41. f3 Kg8 42. g3 fxg3 43. Kxg3 Kf8 44. Kf4 a5 45. b3 a4 46. c4 bxc4 47.
bxc4 a3 48. c5 Nf7 49. Nf5 Rxc5 50. Nd4 Rc4 51. Kf5 Ke8 52. Rd5 Ke7 53. Kg6 Ne5+
54. Kxh5 Rc8 55. Kh6 Kf7 56. Kh7 Rc3 57. Ra5 Nxf3 58. Ra7+ Ke8 59. Nf5 Nxh4 60.
Nxh4 Rh3 61. Ra4 Rh2 62. Rxa3 Rxh4+ 63. Kg6 Rf4 1/2-1/2

[Event "68th ch-RUS HL w 2018"]
[Site "Yaroslavl RUS"]
[Date "2018.07.02"]
[Round "6.12"]
[White "Balaian, Alina"]
[Black "Maltsevskaya, Aleksandra"]
[Result "1-0"]
[WhiteTitle "WIM"]
[WhiteElo "2221"]
[BlackElo "2279"]
[WhiteFideId "24115347"]
[BlackFideId "24174041"]
[EventDate "2018.06.26"]

1. e4 c5 2. Nf3 Nc6 3. d4 cxd4 4. Nxd4 e6 5. Nc3 a6 6. Be2 d6 7. Be3 Nf6 8. O-O
Be7 9. f4 O-O 10. a4 Qc7 11. Kh1 Re8 12. Bf3 Bf8 13. Qd2 Bd7 14. Nb3 b6 15. e5
dxe5 16. fxe5 Qxe5 17. Bf4 Qf5 18. Bc7 Qg6 19. Ne4 Nxe4 20. Qxd7 Ne7 21. Qd1 f5
22. Bh5 Qh6 23. Bxe8 Rxe8 24. Qd7 Qg6 25. c4 Kh8 26. Bxb6 Ng8 27. Nd2 Ngf6 28.
Qd3 Bd6 29. Nxe4 Nxe4 30. Rae1 e5 31. c5 Be7 32. Qh3 f4 33. b4 Rf8 34. Kg1 Ng5
35. Qd7 f3 36. g3 Qf7 37. Rf2 Qf6 38. h4 Ne6 39. Qd5 Nd4 40. Qxe5 Qg6 41. Kh2
Bf6 42. Qd6 Re8 43. c6 Nxc6 44. Rxf3 h5 45. Rxe8+ Qxe8 46. Re3 Ne5 47. Rxe5 Bxe5
48. Qd8 Qxd8 49. Bxd8 Kg8 50. Bb6 Kf7 51. a5 g5 52. Kh3 gxh4 53. Kxh4 Ke6 54.
Bf2 Bc3 55. b5 Kd7 56. bxa6 Kc8 57. Kxh5 Bxa5 58. Be3 Kb8 59. g4 Bd8 60. Kg6 Ka8
61. Kf5 Bh4 62. Bd4 Be7 63. Bf6 Bf8 64. g5 Ka7 65. Ke6 Bb4 66. g6 Bf8 67. Kf7
Bh6 68. Bg5 1-0